Pokémon - Les cartes du set de base (FR) - Statistiques

Statistiques générales
  • Ce quiz a été pris 90 fois
  • Le résultat moyen est 49 sur 102
Statistiques - réponses
# Rareté Type de quiz Réponse % Correct
4 Holo Feu Dracaufeu
95%
2 Holo Eau Tortank
90%
10 Holo Psy Mewtwo
85%
14 Holo Électrique Raichu
84%
1 Holo Psy Alakazam
82%
58 Commune Électrique Pikachu
82%
46 Commune Feu Salamèche
80%
7 Holo Combat Tygnon
80%
15 Holo Plante Florizarre
79%
8 Holo Combat Mackogneur
79%
6 Holo Eau Léviator
77%
24 Peu commune Feu Reptincel
77%
63 Commune Eau Carapuce
75%
44 Commune Plante Bulbizarre
74%
42 Peu commune Eau Carabaffe
74%
3 Holo Incolore Leveinard
72%
18 Rare Incolore Draco
70%
30 Peu commune Plante Herbizarre
70%
16 Holo Électrique Électhor
67%
20 Rare Électrique Élektek
67%
52 Commune Combat Machoc
66%
34 Peu commune Combat Machopeur
66%
43 Commune Psy Abra
64%
32 Peu commune Psy Kadabra
64%
35 Peu commune Eau Magicarpe
64%
9 Holo Électrique Magnéton
64%
23 Peu commune Feu Arcanin
62%
12 Holo Feu Feunard
62%
26 Peu commune Incolore Minidraco
62%
45 Commune Plante Chenipan
61%
11 Holo Plante Nidoking
61%
69 Commune Plante Aspicot
59%
33 Peu commune Plante Coconfort
59%
17 Rare Plante Dardargnan
59%
21 Rare Électrique Électrode
59%
53 Commune Électrique Magnéti
59%
5 Holo Incolore Mélofée
59%
13 Holo Eau Tartard
59%
28 Peu commune Feu Caninos
56%
102 / Énergie Énergie Eau
56%
98 / Énergie Énergie Feu
56%
99 / Énergie Énergie Plante
56%
101 / Énergie Énergie Psy
56%
68 Commune Feu Goupix
56%
36 Peu commune Feu Magmar
56%
67 Commune Électrique Voltorbe
56%
97 / Énergie Énergie Combat
54%
31 Peu commune Psy Lippoutou
54%
22 Rare Incolore Roucoups
54%
54 Commune Plante Chrysacier
52%
50 Commune Psy Fantominus
52%
55 Commune Plante Nidoran
52%
37 Peu commune Plante Nidorino
52%
59 Commune Eau Ptitard
52%
57 Commune Incolore Roucool
52%
29 Peu commune Psy Spectrum
52%
65 Commune Eau Stari
52%
64 Commune Eau Staross
52%
100 / Énergie Énergie Électrique
51%
61 Commune Incolore Rattata
51%
40 Peu commune Incolore Rattatac
51%
38 Peu commune Eau Tétarte
49%
39 Peu commune Incolore Porygon
48%
51 Commune Plante Smogo
48%
49 Commune Psy Soporifik
46%
47 Commune Combat Taupiqueur
46%
56 Commune Combat Onix
44%
60 Commune Feu Ponyta
44%
88 Peu commune Dresseur Professeur Chen
44%
19 Rare Combat Triopikeur
44%
25 Peu commune Eau Lamantine
43%
41 Peu commune Eau Otaria
43%
66 Commune Plante Saquedeneu
38%
48 Commune Incolore Doduo
34%
27 Peu commune Incolore Canarticho
33%
62 Commune Combat Sabelette
33%
94 Commune Dresseur Potion
30%
91 Commune Dresseur Léo
28%
73 Rare Dresseur Faux Professeur Chen
25%
78 Rare Dresseur Rappel
21%
90 Peu commune Dresseur Super Potion
20%
87 Peu commune Dresseur Pokédex
18%
96 Peu commune Énergie Double Énergie Incolore
15%
85 Peu commune Dresseur Centre Pokémon
13%
76 Rare Dresseur Éleveur de Pokémon
13%
75 Rare Dresseur Fillette
13%
77 Rare Dresseur Marchand de Pokémon
13%
70 Rare Dresseur Peluche Mélofée
13%
86 Peu commune Dresseur Flûte Pokémon
11%
84 Peu commune Dresseur PlusPower
11%
93 Commune Dresseur Rafale de Vent
11%
71 Rare Dresseur Recherche Informatique
11%
92 Commune Dresseur Suppression d'Énergie
11%
95 Commune Dresseur Transfert
11%
79 Rare Dresseur Double Suppression d'Énergie
10%
82 Peu commune Dresseur Guérison Totale
10%
89 Peu commune Dresseur Réanimation
10%
81 Peu commune Dresseur Sauvegarde d'Énergie
10%
80 Peu commune Dresseur Defender
8%
83 Peu commune Dresseur Entretien
8%
72 Rare Dresseur Vaporisateur Rétrograde
7%
74 Rare Dresseur Récupérateur
5%
Aucun quiz correspondant
Distribution des résultats
% des personnes avec chaque résultat
Percentile par nombre de réponses
Votre historique - résultats
Vous n’avez pas pris ce quiz